[Event "Mittelfranken-chTB2a 1213"]
[Site "Germany"]
[Date "2012.10.21"]
[Round "2.5"]
[White "Lechner, Hans Dieter"]
[Black "Wellhoefer, Matthias"]
[Result "1-0"]
[WhiteElo "1825"]
[BlackElo "1628"]
[PlyCount "27"]
[EventDate "2012.10.07"]
[EventType "team-tourn"]
[EventRounds "9"]
[EventCountry "GER"]
[SourceTitle "EXT 2019"]
[Source "ChessBase"]
[SourceDate "2018.10.10"]
[SourceVersion "1"]
[SourceVersionDate "2018.10.10"]
[SourceQuality "1"]
[WhiteTeam "Bechhofen II"]
[BlackTeam "Bad Windsheim"]
[WhiteTeamCountry "GER"]
[BlackTeamCountry "GER"]

1. e4 e6 2. d4 d5 3. Bd3 Nf6 4. e5 Nfd7 5. Ne2 c5 6. c3 Nc6 7. 0-0 cxd4 8. cxd4 Nb4 9. Nbc3 Nxd3 10. Qxd3 a6 11. Nf4 Nb6 12. Qg3 Bd7 13. Nh5 Nc8 14. Nxg7+ 1-0

[Event "Mittelfranken-chTB2a 0809"]
[Site "Mittelfranken"]
[Date "2009.04.26"]
[Round "9.6"]
[White "Metzenroth, Dieter"]
[Black "Wellhoefer, Matthias"]
[Result "1-0"]
[WhiteElo "1816"]
[BlackElo "1572"]
[PlyCount "53"]
[EventDate "2008.10.12"]
[EventType "team"]
[EventRounds "9"]
[EventCountry "GER"]
[SourceTitle "EXT 2011"]
[Source "ChessBase"]
[SourceDate "2010.11.26"]
[SourceVersion "1"]
[SourceVersionDate "2010.11.26"]
[SourceQuality "1"]
[WhiteTeam "Cadolzburg"]
[BlackTeam "Bad Windsheim"]
[WhiteTeamCountry "GER"]
[BlackTeamCountry "GER"]

1. d4 e6 2. Bf4 f5 3. e3 Nf6 4. h3 Be7 5. Nf3 b6 6. Nbd2 Bb7 7. Bd3 0-0 8. c3 c5 9. Qc2 cxd4 10. exd4 Ba6 11. 0-0-0 Bxd3 12. Qxd3 Nc6 13. Rde1 Qc8 14. Kb1 Qb7 15. g4 Nd5 16. Bh2 b5 17. Rhg1 Na5 18. gxf5 Rxf5 19. Rg2 Nf4 20. Bxf4 Rxf4 21. Reg1 Bf8 22. Ng5 Rh4 23. Ndf3 Rh6 24. Ne5 Nc6 25. Ng4 Rg6 26. Nxh7 Kxh7 27. Nf6+ 1-0

[Event "Mittelfranken-chTB2a 0809"]
[Site "Mittelfranken"]
[Date "2009.01.25"]
[Round "5.6"]
[White "Wellhoefer, Matthias"]
[Black "Quaschner, Manuel"]
[Result "1/2-1/2"]
[WhiteElo "1569"]
[BlackElo "1717"]
[PlyCount "68"]
[EventDate "2008.10.12"]
[EventType "team"]
[EventRounds "9"]
[EventCountry "GER"]
[SourceTitle "EXT 2011"]
[Source "ChessBase"]
[SourceDate "2010.11.26"]
[SourceVersion "1"]
[SourceVersionDate "2010.11.26"]
[SourceQuality "1"]
[WhiteTeam "Bad Windsheim"]
[BlackTeam "Grossenseebach II"]
[WhiteTeamCountry "GER"]
[BlackTeamCountry "GER"]

1. f4 Nf6 2. Nf3 Nc6 3. e3 e6 4. b3 d5 5. Bb2 Bd6 6. Be2 0-0 7. 0-0 Re8 8. Ne5 Nd7 9. Nxd7 Bxd7 10. d4 Ne7 11. Bd3 c5 12. Qh5 h6 13. g4 c4 14. bxc4 dxc4 15. Bxc4 Rc8 16. Bb3 Qb6 17. Rf2 a5 18. a4 Qb4 19. Na3 Nd5 20. f5 Nf6 21. Qh3 exf5 22. gxf5 Bxa4 23. Nc4 Bxb3 24. Nxd6 Qxd6 25. cxb3 Ne4 26. Rg2 Ng5 27. Qg4 Rxe3 28. Rf1 Qf8 29. h4 Nh7 30. Ba3 Nf6 31. Qf4 Nd5 32. Qg4 Nf6 33. Qf4 Nd5 34. Qg4 Nf6 1/2-1/2

[Event "Mittelfranken-chTB2a 0809"]
[Site "Mittelfranken"]
[Date "2008.12.07"]
[Round "3.6"]
[White "Wellhoefer, Matthias"]
[Black "Billmann, Andreas"]
[Result "1/2-1/2"]
[WhiteElo "1569"]
[BlackElo "1911"]
[PlyCount "143"]
[EventDate "2008.10.12"]
[EventType "team"]
[EventRounds "9"]
[EventCountry "GER"]
[SourceTitle "EXT 2011"]
[Source "ChessBase"]
[SourceDate "2010.11.26"]
[SourceVersion "1"]
[SourceVersionDate "2010.11.26"]
[SourceQuality "1"]
[WhiteTeam "Bad Windsheim"]
[BlackTeam "Nuernberg Sued SW III"]
[WhiteTeamCountry "GER"]
[BlackTeamCountry "GER"]

1. f4 d5 2. Nf3 e6 3. e3 f5 4. Be2 Nf6 5. b3 Bd6 6. Bb2 0-0 7. 0-0 c6 8. Qe1 Qe7 9. Ne5 Nbd7 10. a3 a5 11. d3 Bc5 12. Qg3 Bd6 13. Nd2 c5 14. c4 b6 15. Qh3 Bb7 16. g4 Bxe5 17. fxe5 Nxg4 18. Bxg4 Qg5 19. Rf4 fxg4 20. Rxg4 Qf5 21. Qg3 g6 22. e4 dxe4 23. dxe4 Qh5 24. Re1 Qh6 25. Nf3 Rxf3 26. Qxf3 Rf8 27. Qe3 Qh5 28. Qg5 Qxg5 29. Rxg5 Rf3 30. Rg3 Rf4 31. Rd1 Nf8 32. Rd6 Bxe4 33. Rxb6 Bf5 34. Ra6 Re4 35. Kf2 Rf4+ 36. Kg1 Re4 37. Rxa5 Re1+ 38. Kf2 Rb1 39. Bc3 Rxb3 40. Rxc5 Rxa3 41. Bb4 Ra2+ 42. Ke3 Nd7 43. Rc8+ Kf7 44. Kd4 Rxh2 45. Ra3 Rh4+ 46. Ke3 Re4+ 47. Kd2 Rd4+ 48. Ke3 Re4+ 49. Kd2 Rd4+ 50. Kc1 Nxe5 51. Ra7+ Nd7 52. Rf8+ Kg7 53. Bc3 Kxf8 54. Bxd4 Ke8 55. Be3 h5 56. c5 Be4 57. Ra6 Nxc5 58. Bxc5 Kf7 59. Ra4 Bf5 60. Kd2 g5 61. Ke3 h4 62. Bd6 Kf6 63. Ra5 Bc2 64. Kf2 Bf5 65. Be5+ Kg6 66. Ra8 Be4 67. Rf8 Bd5 68. Kg1 g4 69. Rf4 Kg5 70. Rb4 Kf5 71. Bc7 Be4 72. Rb5+ 1/2-1/2

[Event "Erlangen op 18th"]
[Site "Erlangen"]
[Date "2003.??.??"]
[Round "1"]
[White "Wellhoefer, Matthias"]
[Black "Kromm, Dimitri"]
[Result "1-0"]
[WhiteElo "1508"]
[BlackElo "1479"]
[PlyCount "75"]
[EventDate "2003.11.??"]
[EventType "swiss"]
[EventRounds "5"]
[EventCountry "GER"]
[SourceTitle "EXT 2005"]
[Source "ChessBase"]
[SourceDate "2004.11.15"]
[SourceVersion "1"]
[SourceVersionDate "2004.11.15"]
[SourceQuality "1"]

1. f4 d5 2. Nf3 Nf6 3. e3 Bf5 4. Be2 Qd6 5. 0-0 Nbd7 6. Nd4 g6 7. g4 e5 8. Nb5 Qc6 9. gxf5 gxf5 10. d4 Rg8+ 11. Kh1 Ng4 12. Bxg4 fxg4 13. N5c3 g3 14. Rg1 Qh6 15. Rg2 exf4 16. exf4 0-0-0 17. Qf3 Qh4 18. Rxg3 Rxg3 19. Qxg3 Qxg3 20. hxg3 Bg7 21. Ne2 c5 22. dxc5 Nxc5 23. Kg2 d4 24. Na3 d3 25. cxd3 Nxd3 26. Rb1 Re8 27. Kf1 Kb8 28. Nb5 Rd8 29. Be3 b6 30. Rd1 Bxb2 31. Bd4 Nc1 32. Be5+ Kc8 33. Nxa7+ Kb7 34. Rxd8 Bxe5 35. fxe5 Nxa2 36. Rd7+ Ka6 37. Rxf7 b5 38. Nxb5 1-0